00466nam a2200169Ia 450000500170000000800410001702000100005804000190006804100120008708200200009910000130011924500470013226000430017930000140022250400500023685000100028620230328104400.0131103s9999 xx 000 0 und d cRs.14 aLoreto College aEnglish a822.91bSHA-ROY aRoy,R.N. aBernard Shaw's Philosophy of lifecR.N.Roy aCalcuttabFirma K.L.Mukhopadhyayc1964 ax,165 p.  aIncludes bibliographical references and index aLCLIB